000 00552nam a22001697a 4500
003 BT-SaRUSC
005 20260408103738.0
008 260408b |||||||| |||| 00| 0 eng d
040 _cBT-SaRUSC
082 _aA6.8 UNE
110 _aUNESCO
_9498
245 _aUnited Nations Secretary -Generals high level panel on the teaching profession :
_brecommendations and summary of deliberations /
_cUNESCO
260 _aSwitzerland,
_binternational labor organization
_c2024.
300 _axi,43 p.:
_c30 cm.
541 _d8.4.26
_eGD 2376
942 _2ddc
_cGD
999 _c19961
_d19961